|
|
|
|
| LEADER |
00997nam a2200241 a 4500 |
| 001 |
12830249 |
| 008 |
090716s2002 enk b 001 0deng d |
| 010 |
|
|
|a 2002073756
|
| 020 |
|
|
|a 0521650712 (hbk)
|
| 020 |
|
|
|a 0521659094 (pbk.)
|
| 040 |
|
|
|a DLC
|c DLC
|d DLC
|
| 082 |
0 |
0 |
|a 821/.7
|2 21
|
| 245 |
0 |
4 |
|a The Cambridge companion to Coleridge /
|c edited by Lucy Newlyn.
|
| 260 |
|
|
|a Cambridge, England ;
|a New York :
|b Cambridge University Press,
|c 2002.
|
| 300 |
|
|
|a xv, 268 p. ;
|c 24 cm.
|
| 490 |
1 |
|
|a Cambridge companions to literature
|
| 504 |
|
|
|a Includes bibliographical references (p. 245-261) and index.
|
| 541 |
1 |
|
|e 00014483
|
| 600 |
1 |
0 |
|a Coleridge, Samuel Taylor,
|d 1772-1834
|x Criticism and interpretation
|v Handbooks, manuals, etc.
|
| 700 |
1 |
|
|a Newlyn, Lucy.
|
| 852 |
4 |
|
|a Ayesha Abed Library
|j General shelf.
|
| 999 |
|
|
|c 2486
|d 2486
|
| 952 |
|
|
|0 0
|1 0
|2 ddc
|4 0
|6 821_700000000000000_NEW_2002
|7 0
|9 2301
|a BRACUL
|b BRACUL
|c GEN
|d 2009-07-16
|l 2
|m 1
|o 821.7 NEW
|p 3010014483
|r 2014-04-19
|s 2014-04-16
|t 1
|w 2009-07-16
|y BK
|